| 000 | 00814nam a22002297a 4500 | ||
|---|---|---|---|
| 003 | OSt | ||
| 005 | 20250527120946.0 | ||
| 008 | 250527b |||a|||| |||| 00| 0 spa d | ||
| 020 | _a9789585796393 | ||
| 037 | _bDonación | ||
| 040 |
_aCO-JMCR _bspa _cCO-JMCR _dCO-JMCR _erda |
||
| 041 | 0 | _aspa | |
| 082 | 0 | 4 |
_a338.109 _bJ95d _223 |
| 100 | 1 |
_aJunguito Bonnet, Roberto, _d1943- _eautor _944159 |
|
| 245 | 1 | 0 |
_aDesarrollo de la agricultura colombiana / _cRoberto Junguito, Juan José Perfetti, Alejandro Becerra. |
| 260 |
_a[Bogotá] : _bFedesarrollo, _c2014. |
||
| 300 |
_a70 páginas : _bilustraciones ; _c23 cm. |
||
| 504 | _aIncluye referencias bibliográficas (páginas 67-70) | ||
| 700 | 1 |
_aPerfetti del Corral, Juan José. _eautor _944160 |
|
| 700 | 1 |
_aBecerra, Alejandro. _eautor _944161 |
|
| 942 |
_2ddc _cBK |
||
| 999 |
_c31001 _d17385 |
||